000 00860nas a2200301 4500
001 BR2013010702
003 BR-BrBNA
005 20231205123507.0
007 ta
008 230509b bl.|||p| |||| 00| 00por d
040 _aBR-BrBNA
_bpor
_cBiblioteca Nacional de Agricultura
041 _a(Pt)
072 _aK10
100 1 _aEloy, E.
100 1 _aCaron, B.O.
100 1 _aSchmidt, D.
100 1 _aBehling, A.
100 1 _aSchwers, L.
100 1 _aElli, E.F.
245 1 _aAvaliação da qualidade de mudas de Eucalyptus grandis utilizando parâmetros morfológicos
650 _aEUCALIPTO
650 _aMUDA
650 _aTUBETE
650 _aMORFOLOGIA VEGETAL
773 0 _tFloresta (Brazil)
_xISSN 0015-3826
_g(Jul-Sep 2013), v. 43(3) p. 373-384
_wBR2013010702
909 _a202311
_bLúcia
_c55
_dLúcia Elande
942 _2AGRIS
_n0
_cANA
999 _c234189
_d234189